=LDR 00000nam 2200000 4500 =001 INLIS000000000012668 =005 20130612104150 =008 ***********************************Ind** =035 ##$$0010-061300000012668 =041 ##$$a Ind =082 ##$$a 614.8 =090 ##$$a 614.8, Rus p =100 ##$$a Rusli Utami =245 ##$$a Paduan Pijat Bayi =260 ##$$a 1999 $b Jakarta =300 ##$$a xi,45 hlm., Ilus, 21 cm =650 ##$$a Bayi =650 ##$$a Perawatan Pijat =850 ##$$a NBPNMAT